[Event "Quebec op"]
[Site "Montreal CAN"]
[Date "2011.07.23"]
[Round "1"]
[White "Kovalyov, Anton"]
[Black "Jiang, Louie"]
[Result "1-0"]
[WhiteElo "2612"]
[BlackElo "2348"]
[PlyCount "65"]
[GameId "2160767909649265"]
[EventDate "2011.07.23"]
[EventType "swiss"]
[EventRounds "9"]
[EventCountry "CAN"]
[SourceTitle "CBM 143 Extra"]
[Source "ChessBase"]
[SourceDate "2011.08.29"]
[SourceVersion "1"]
[SourceVersionDate "2011.08.29"]
[SourceQuality "1"]

1. c4 Nf6 2. Nf3 e6 3. g3 d5 4. Bg2 Be7 5. O-O O-O 6. b3 c6 7. d4 Nbd7 8. Nc3 b6 9. Qd3 Bb7 10. Rd1 Rc8 11. Bb2 Qc7 12. Rac1 Qb8 13. Nd2 Rfd8 14. Qb1 Qa8 15. Nf1 Nf8 16. e4 dxe4 17. Nxe4 c5 18. d5 exd5 19. Nxf6+ Bxf6 20. Bxf6 gxf6 21. cxd5 Rxd5 22. Bxd5 Bxd5 23. Ne3 Bf3 24. Rd6 Be4 25. Qb2 Ne6 26. Rxe6 fxe6 27. Qxf6 Bf5 28. Nxf5 exf5 29. Rd1 Re8 30. Qg5+ Kh8 31. Qxf5 Qc6 32. h4 b5 33. Kh2 1-0

[Event "Quebec op"]
[Site "Montreal CAN"]
[Date "2011.07.24"]
[Round "2"]
[White "Noritsyn, Nikolay"]
[Black "Kovalyov, Anton"]
[Result "1/2-1/2"]
[WhiteElo "2425"]
[BlackElo "2612"]
[PlyCount "66"]
[GameId "2160767909649301"]
[EventDate "2011.07.23"]
[EventType "swiss"]
[EventRounds "9"]
[EventCountry "CAN"]
[SourceTitle "CBM 143 Extra"]
[Source "ChessBase"]
[SourceDate "2011.08.29"]
[SourceVersion "1"]
[SourceVersionDate "2011.08.29"]
[SourceQuality "1"]

1. d4 Nf6 2. c4 e6 3. Nf3 b6 4. a3 Ba6 5. Qb3 d5 6. cxd5 exd5 7. Bg5 Be7 8. Nc3 c6 9. Bxf6 Bxf6 10. e4 dxe4 11. Nxe4 Bxf1 12. Rxf1 O-O 13. O-O-O Nd7 14. Ne5 Bxe5 15. dxe5 Qh4 16. f4 Nxe5 17. g3 Qh6 18. Rd6 Qh3 19. Rf2 Ng4 20. Ng5 Qh5 21. Qf3 h6 22. h3 Nf6 23. Ne4 Kh8 24. g4 Qb5 25. Nc3 Qa5 26. g5 hxg5 27. Rg2 Nh7 28. fxg5 Qe5 29. Rxc6 Rad8 30. Rc4 Kg8 31. Re4 Qc5 32. h4 Rd7 33. Kb1 b5 1/2-1/2

[Event "Quebec op"]
[Site "Montreal CAN"]
[Date "2011.07.24"]
[Round "3"]
[White "Kovalyov, Anton"]
[Black "Gerzhoy, Leonid"]
[Result "1/2-1/2"]
[WhiteElo "2612"]
[BlackElo "2483"]
[PlyCount "80"]
[GameId "2160767909649338"]
[EventDate "2011.07.23"]
[EventType "swiss"]
[EventRounds "9"]
[EventCountry "CAN"]
[SourceTitle "CBM 143 Extra"]
[Source "ChessBase"]
[SourceDate "2011.08.29"]
[SourceVersion "1"]
[SourceVersionDate "2011.08.29"]
[SourceQuality "1"]

1. c4 c5 2. Nf3 g6 3. d4 cxd4 4. Nxd4 Nc6 5. e4 Nf6 6. Nc3 d6 7. Be2 Nxd4 8. Qxd4 Bg7 9. Bg5 O-O 10. Qd2 Qa5 11. Rc1 Be6 12. f3 Rfc8 13. b3 a6 14. Nd5 Qxd2+ 15. Kxd2 Nxd5 16. exd5 Bd7 17. Bd3 e6 18. dxe6 Bxe6 19. Be4 Rc7 20. Rhd1 Re8 21. Rc2 f5 22. Bd3 Bf7 23. Kc1 Rc6 24. Kb1 Rcc8 25. Bf1 Rc6 26. g3 Rec8 27. Rcd2 Bf8 28. Bf4 Re8 29. Bg2 a5 30. Rc2 a4 31. Rd3 axb3 32. axb3 d5 33. cxd5 Rxc2 34. Kxc2 Re2+ 35. Rd2 Rxd2+ 36. Bxd2 Bxd5 37. b4 Kf7 38. Kd3 Ke6 39. Ke2 Bg7 40. Kf2 Bd4+ 1/2-1/2

[Event "Quebec op"]
[Site "Montreal CAN"]
[Date "2011.07.25"]
[Round "4"]
[White "Zhao, Parker Bi Guang"]
[Black "Kovalyov, Anton"]
[Result "0-1"]
[WhiteElo "2382"]
[BlackElo "2612"]
[PlyCount "80"]
[GameId "2160767909649395"]
[EventDate "2011.07.23"]
[EventType "swiss"]
[EventRounds "9"]
[EventCountry "CAN"]
[SourceTitle "CBM 143 Extra"]
[Source "ChessBase"]
[SourceDate "2011.08.29"]
[SourceVersion "1"]
[SourceVersionDate "2011.08.29"]
[SourceQuality "1"]

1. e4 c5 2. c3 Nf6 3. e5 Nd5 4. Nf3 Nc6 5. Bc4 Nb6 6. Bb3 d5 7. exd6 Qxd6 8. O-O Be6 9. Bc2 Bg4 10. h3 Bh5 11. Qe2 e6 12. Na3 a6 13. Rd1 Qc7 14. b3 Be7 15. Nc4 Nd5 16. a4 Nf4 17. Qe3 Nd5 18. Qe2 Rd8 19. a5 Nf4 20. Qe3 Nd5 21. Qe2 Bf6 22. Be4 O-O 23. Ba3 Be7 24. Bb2 Rd7 25. d4 cxd4 26. cxd4 Rfd8 27. Nce5 Nxe5 28. dxe5 Nf4 29. Qf1 Bxf3 30. Bxf3 Nd3 31. Qe2 Bc5 32. Kf1 Nxb2 33. Qxb2 Bd4 34. Qc1 Qxe5 35. Ra4 g6 36. Qc2 Bc3 37. Rc1 Rd2 38. Qxc3 Qh2 39. Qxd2 Rxd2 40. Ke1 Rb2 0-1

[Event "Quebec op"]
[Site "Montreal CAN"]
[Date "2011.07.26"]
[Round "5"]
[White "Kovalyov, Anton"]
[Black "Arencibia Rodriguez, Walter"]
[Result "1-0"]
[WhiteElo "2612"]
[BlackElo "2476"]
[PlyCount "117"]
[GameId "2160767909649414"]
[EventDate "2011.07.23"]
[EventType "swiss"]
[EventRounds "9"]
[EventCountry "CAN"]
[SourceTitle "CBM 143 Extra"]
[Source "ChessBase"]
[SourceDate "2011.08.29"]
[SourceVersion "1"]
[SourceVersionDate "2011.08.29"]
[SourceQuality "1"]

1. c4 e6 2. g3 d5 3. Bg2 g6 4. d4 Bg7 5. Nf3 Ne7 6. O-O O-O 7. Qc2 Nbc6 8. Rd1 b6 9. Nc3 Bb7 10. cxd5 exd5 11. Bf4 Nf5 12. e3 Nce7 13. Rac1 c6 14. b4 b5 15. Qb3 h6 16. h4 Bc8 17. a4 a6 18. Ra1 Be6 19. axb5 cxb5 20. Rdc1 Nd6 21. Bxd6 Qxd6 22. Ne2 f6 23. Nf4 Bf7 24. Nd3 g5 25. hxg5 hxg5 26. Nc5 Nf5 27. Ra3 Ra7 28. Rca1 Rfa8 29. R1a2 Ne7 30. Qb1 Be6 31. Bf1 Bg4 32. Nh2 Bc8 33. Qd1 Rb8 34. Qh5 Kf8 35. Bh3 f5 36. Qxg5 Rb6 37. Nf3 Qd8 38. Ne5 Qe8 39. Bg2 Bh6 40. Qh4 f4 41. e4 dxe4 42. Bxe4 Ng8 43. gxf4 Rg7+ 44. Rg3 Rf6 45. Rxg7 Bxg7 46. Ra3 Rh6 47. Qg5 Bf6 48. Qg2 Qh5 49. Rf3 Ne7 50. Ncd7+ Ke8 51. Nxf6+ Rxf6 52. Qg5 Rh6 53. Qxh5+ Rxh5 54. Rc3 Be6 55. f3 Rh4 56. Rc7 Nd5 57. Bxd5 Bxd5 58. f5 Rf4 59. Rc8+ 1-0

[Event "Quebec op"]
[Site "Montreal CAN"]
[Date "2011.07.27"]
[Round "6"]
[White "Cornette, Matthieu"]
[Black "Kovalyov, Anton"]
[Result "1-0"]
[WhiteElo "2568"]
[BlackElo "2612"]
[PlyCount "95"]
[GameId "2160767909649444"]
[EventDate "2011.07.23"]
[EventType "swiss"]
[EventRounds "9"]
[EventCountry "CAN"]
[SourceTitle "CBM 143 Extra"]
[Source "ChessBase"]
[SourceDate "2011.08.29"]
[SourceVersion "1"]
[SourceVersionDate "2011.08.29"]
[SourceQuality "1"]

1. d4 Nf6 2. c4 e6 3. Nc3 Bb4 4. e3 b6 5. Nge2 c5 6. a3 Ba5 7. Rb1 Na6 8. g3 Bb7 9. d5 b5 10. Bg2 bxc4 11. O-O O-O 12. e4 d6 13. Qa4 exd5 14. Nxd5 Nxd5 15. exd5 Bb6 16. Nc3 Nc7 17. Bf4 f5 18. h4 Qf6 19. Rfe1 Rae8 20. Nb5 Nxb5 21. Qxb5 Qd8 22. Bg5 Qb8 23. Be7 Rf7 24. Bxd6 Rxe1+ 25. Rxe1 Qxd6 26. Re6 a6 27. Qa4 Bc6 28. Qxa6 Qf8 29. Rxc6 Bd8 30. d6 Rf6 31. Qxc4+ Kh8 32. Qxc5 f4 33. d7 Qf7 34. Bd5 Rxc6 35. Qxc6 Qe7 36. Qe6 Qxe6 37. Bxe6 fxg3 38. fxg3 g6 39. Kf2 Kg7 40. Bg4 Kf6 41. h5 Kg5 42. hxg6 hxg6 43. Kf3 Kf6 44. Ke4 Ke7 45. Kd5 Bc7 46. a4 Bxg3 47. a5 Kd8 48. Kc6 1-0

[Event "Quebec op"]
[Site "Montreal CAN"]
[Date "2011.07.28"]
[Round "7"]
[White "Kovalyov, Anton"]
[Black "Bojkov, Dejan"]
[Result "1/2-1/2"]
[WhiteElo "2612"]
[BlackElo "2544"]
[PlyCount "73"]
[GameId "2160767909649492"]
[EventDate "2011.07.23"]
[EventType "swiss"]
[EventRounds "9"]
[EventCountry "CAN"]
[SourceTitle "CBM 143 Extra"]
[Source "ChessBase"]
[SourceDate "2011.08.29"]
[SourceVersion "1"]
[SourceVersionDate "2011.08.29"]
[SourceQuality "1"]

1. Nf3 Nf6 2. c4 b6 3. g3 Bb7 4. Bg2 e6 5. O-O Be7 6. Nc3 O-O 7. Re1 d5 8. cxd5 Nxd5 9. e4 Nxc3 10. bxc3 c5 11. d4 cxd4 12. cxd4 Nc6 13. Rb1 Bf6 14. d5 exd5 15. exd5 Na5 16. Ne5 Rc8 17. Bf4 Rc5 18. Be3 Rc8 19. Bf4 Rc5 20. Qd3 Bxd5 21. Rbd1 Be6 22. Nd7 Qxd7 23. Qxd7 Bxd7 24. Rxd7 Nc4 25. Rxa7 g5 26. Bc1 Rd8 27. Bf3 Ne5 28. Be4 Nd3 29. Bxd3 Rxd3 30. Re8+ Kg7 31. Be3 Ra5 32. Rea8 Rxa7 33. Rxa7 b5 34. Rb7 Ra3 35. Rxb5 h6 36. g4 Rxa2 37. Kg2 1/2-1/2

[Event "Quebec op"]
[Site "Montreal CAN"]
[Date "2011.07.29"]
[Round "8"]
[White "Kovalyov, Anton"]
[Black "Sambuev, Bator"]
[Result "1-0"]
[WhiteElo "2612"]
[BlackElo "2528"]
[PlyCount "71"]
[GameId "2160767909649520"]
[EventDate "2011.07.23"]
[EventType "swiss"]
[EventRounds "9"]
[EventCountry "CAN"]
[SourceTitle "CBM 143 Extra"]
[Source "ChessBase"]
[SourceDate "2011.08.29"]
[SourceVersion "1"]
[SourceVersionDate "2011.08.29"]
[SourceQuality "1"]

1. Nf3 c5 2. c4 Nc6 3. d4 cxd4 4. Nxd4 Nf6 5. Nc3 e6 6. a3 Be7 7. e4 O-O 8. Nf3 Qc7 9. Be2 b6 10. Bg5 Bb7 11. h3 Rad8 12. O-O h6 13. Be3 Nh5 14. Re1 Nf4 15. Bf1 f5 16. Nd5 exd5 17. exd5 Bd6 18. dxc6 dxc6 19. c5 bxc5 20. Qc2 Kh7 21. Bxc5 Rf6 22. b4 Qf7 23. Bxd6 Rdxd6 24. Qc1 Ne6 25. Qe3 Qc7 26. Qxa7 c5 27. bxc5 Rc6 28. Rab1 Nd8 29. Re8 Rg6 30. Rxd8 Qxd8 31. Rxb7 Qd5 32. Nh4 Rg5 33. Rf7 Kg8 34. Rd7 Qxc5 35. Rd8+ Kh7 36. Qf7 1-0

[Event "Quebec op"]
[Site "Montreal CAN"]
[Date "2011.07.30"]
[Round "9"]
[White "Rozentalis, Eduardas"]
[Black "Kovalyov, Anton"]
[Result "1/2-1/2"]
[WhiteElo "2571"]
[BlackElo "2612"]
[PlyCount "31"]
[GameId "2160767909649571"]
[EventDate "2011.07.23"]
[EventType "swiss"]
[EventRounds "9"]
[EventCountry "CAN"]
[SourceTitle "CBM 143 Extra"]
[Source "ChessBase"]
[SourceDate "2011.08.29"]
[SourceVersion "1"]
[SourceVersionDate "2011.08.29"]
[SourceQuality "1"]

1. e4 c5 2. c3 Nf6 3. e5 Nd5 4. Nf3 Nc6 5. Bc4 Nb6 6. Bb3 d5 7. exd6 Qxd6 8. Na3 Qd3 9. Bc2 Qd5 10. Nb5 Qe6+ 11. Qe2 Qxe2+ 12. Kxe2 Nd5 13. Bb3 a6 14. Nd6+ exd6 15. Bxd5 Be6 16. Bxe6 1/2-1/2

[Event "St-Jean op"]
[Site "Quebec CAN"]
[Date "2011.06.26"]
[Round "2"]
[White "Kovalyov, Anton"]
[Black "Berube, Antoine"]
[Result "1/2-1/2"]
[WhiteElo "2594"]
[BlackElo "2169"]
[PlyCount "124"]
[GameId "2160767909704168"]
[EventDate "2011.06.24"]
[EventType "swiss"]
[EventRounds "5"]
[EventCountry "CAN"]

1. c4 e5 2. Nc3 Nf6 3. Nf3 Nc6 4. a3 a5 5. g3 g6 6. Bg2 Bg7 7. O-O O-O 8. d3 h6 9. e4 d6 10. h3 Nd7 11. Rb1 Nc5 12. b4 axb4 13. axb4 Ne6 14. b5 Ncd4 15. Nxd4 Nxd4 16. Be3 Ne6 17. Qd2 Kh7 18. f4 exf4 19. gxf4 f5 20. Ne2 Qh4 21. Kh2 Ra3 22. Bf2 Qf6 23. exf5 Qxf5 24. Rbd1 Nc5 25. Bxc5 dxc5 26. Qe3 Rd8 27. Be4 Qh5 28. Qf3 Qxf3 29. Rxf3 Ra2 30. Rf2 Bf5 31. Bxf5 gxf5 32. Kg2 Ra3 33. Ng3 Kg6 34. Re2 Rdxd3 35. Rxd3 Rxd3 36. Re7 Rd4 37. Rxc7 Rxc4 38. Rxb7 Rc2+ 39. Kf1 Rc3 40. Rb6+ Bf6 41. Kf2 Rc2+ 42. Ne2 Rb2 43. Ke1 Rb1+ 44. Kd2 Rb2+ 45. Kd1 Rb1+ 46. Kd2 Rb2+ 47. Ke1 Rb1+ 48. Kf2 Rb2 49. Rb8 c4 50. Rb6 Kf7 51. Rc6 Rxb5 52. Rc7+ Kg6 53. Rxc4 Rb3 54. Kg2 Rb2 55. Kf1 Rb1+ 56. Rc1 Rb3 57. Kg2 Rb2 58. Kf2 Rb3 59. Rg1+ Kf7 60. Kg2 Rb2 61. Kf3 Rb3+ 62. Kg2 Rb2 1/2-1/2

[Event "St-Jean op"]
[Site "Quebec CAN"]
[Date "2011.06.26"]
[Round "4"]
[White "Bolduc, Steve"]
[Black "Kovalyov, Anton"]
[Result "0-1"]
[WhiteElo "2302"]
[BlackElo "2594"]
[PlyCount "64"]
[GameId "2160767909704174"]
[EventDate "2011.06.24"]
[EventType "swiss"]
[EventRounds "5"]
[EventCountry "CAN"]

1. d4 Nf6 2. c4 e6 3. g3 d5 4. Nf3 Be7 5. Bg2 O-O 6. O-O c6 7. Qc2 b6 8. Rd1 Nbd7 9. Nbd2 Ba6 10. b3 Rc8 11. e4 c5 12. exd5 exd5 13. Qf5 g6 14. Qh3 cxd4 15. Nxd4 Ne5 16. N2f3 Neg4 17. Bh6 Nxh6 18. Qxh6 Re8 19. Ne5 Bf8 20. Qf4 Qd6 21. Ndf3 Rc7 22. g4 Bc8 23. Rd4 h6 24. h4 Qd8 25. Rad1 Bd6 26. Bh3 Bb7 27. cxd5 Qe7 28. Re1 Nd7 29. Rde4 Qf6 30. Qe3 Nxe5 31. Nxe5 Rce7 32. g5 Qxe5 0-1

[Event "Mauricie op"]
[Site "Trois-Rivieres CAN"]
[Date "2011.03.18"]
[Round "1"]
[White "Zhang, Zhiyuan"]
[Black "Kovalyov, Anton"]
[Result "0-1"]
[WhiteElo "2057"]
[BlackElo "2584"]
[PlyCount "148"]
[GameId "2160767909787358"]
[EventDate "2011.03.18"]
[EventType "swiss"]
[EventRounds "5"]
[EventCountry "CAN"]
[SourceTitle "EXT 2022"]
[Source "ChessBase"]
[SourceDate "2021.10.06"]
[SourceVersion "1"]
[SourceVersionDate "2021.10.06"]
[SourceQuality "1"]

1. e4 c5 2. Nf3 d6 3. Bb5+ Nd7 4. O-O a6 5. Bxd7+ Bxd7 6. b3 Bc6 7. Re1 Nf6 8. d3 e5 9. Nbd2 Be7 10. Nf1 O-O 11. c4 g6 12. Bh6 Re8 13. Ne3 b5 14. Bg5 Nh5 15. Bxe7 Qxe7 16. g3 Ng7 17. Nh4 Rf8 18. Nd5 Qd8 19. Ng2 Ne6 20. f4 exf4 21. Ngxf4 Nxf4 22. Nxf4 Qg5 23. Nd5 Bxd5 24. exd5 Rae8 25. Qc1 Qf6 26. Qd2 Qd4+ 27. Kg2 bxc4 28. bxc4 Rxe1 29. Rxe1 Rb8 30. Re2 Kg7 31. Rf2 Rb4 32. Qe2 Rb7 33. h4 h5 34. Kh2 Kf8 35. Kg2 Re7 36. Qf3 Kg7 37. Re2 Rb7 38. Rf2 a5 39. Re2 a4 40. Rd2 Rb2 41. Rxb2 Qxb2+ 42. Qf2 Qxf2+ 43. Kxf2 Kf6 44. Kf3 Ke5 45. g4 f6 46. gxh5 gxh5 47. a3 Kd4 48. Ke2 f5 49. Kd2 f4 50. Ke2 Kc3 51. Kf3 Kxd3 52. Kxf4 Kxc4 53. Kg5 Kxd5 54. Kxh5 c4 55. Kg6 c3 56. h5 c2 57. h6 c1=B 58. h7 Bb2 59. Kf5 Kc4 60. Ke4 d5+ 61. Ke3 Kb3 62. Kd3 Kxa3 63. Kc2 Bh8 64. Kb1 Kb3 65. Kc1 a3 66. Kd2 a2 67. Kd3 a1=Q 68. Ke3 Qd4+ 69. Ke2 Kc2 70. Kf3 Qe4+ 71. Kg3 Kd3 72. Kf2 Qf4+ 73. Ke1 Bc3+ 74. Kd1 Qf1# 0-1

[Event "Mauricie op"]
[Site "Trois-Rivieres CAN"]
[Date "2011.03.19"]
[Round "2"]
[White "Kovalyov, Anton"]
[Black "Szalay, Karoly"]
[Result "1-0"]
[WhiteElo "2584"]
[BlackElo "2184"]
[PlyCount "91"]
[GameId "2160767909787363"]
[EventDate "2011.03.18"]
[EventType "swiss"]
[EventRounds "5"]
[EventCountry "CAN"]
[SourceTitle "EXT 2022"]
[Source "ChessBase"]
[SourceDate "2021.10.06"]
[SourceVersion "1"]
[SourceVersionDate "2021.10.06"]
[SourceQuality "1"]

1. c4 e6 2. Nf3 Nf6 3. g3 d5 4. Bg2 Bd6 5. O-O Nbd7 6. Qc2 O-O 7. d4 c6 8. Nbd2 b6 9. e4 dxe4 10. Ng5 Bb7 11. Ndxe4 Be7 12. Rd1 Qc8 13. Nxf6+ Nxf6 14. c5 h6 15. Ne4 e5 16. Nxf6+ Bxf6 17. dxe5 Bxe5 18. Be3 Qe6 19. a4 Qf6 20. Rd2 Rfd8 21. Rxd8+ Qxd8 22. Rd1 Qc7 23. Qf5 Bc8 24. Qe4 bxc5 25. Qxc6 Rb8 26. Qe8+ Kh7 27. Rd8 Bf5 28. Rxb8 Qxb8 29. Qxb8 Bxb8 30. Bxc5 Bc2 31. a5 Bb3 32. Be4+ g6 33. f4 f5 34. Bd3 Kg7 35. Kf2 Kf6 36. Ke3 g5 37. a6 gxf4+ 38. gxf4 Ke6 39. h4 Kd5 40. Bf8 Bc7 41. Bxh6 Bb6+ 42. Ke2 Bd4 43. Bxf5 Bxb2 44. Bd3 Bc1 45. Bg5 Ba4 46. f5 1-0

[Event "Mauricie op"]
[Site "Trois-Rivieres CAN"]
[Date "2011.03.19"]
[Round "3"]
[White "Djerkovic, Miladin"]
[Black "Kovalyov, Anton"]
[Result "0-1"]
[WhiteElo "2280"]
[BlackElo "2584"]
[PlyCount "82"]
[GameId "2160767909787377"]
[EventDate "2011.03.18"]
[EventType "swiss"]
[EventRounds "5"]
[EventCountry "CAN"]
[SourceTitle "EXT 2022"]
[Source "ChessBase"]
[SourceDate "2021.10.06"]
[SourceVersion "1"]
[SourceVersionDate "2021.10.06"]
[SourceQuality "1"]

1. c4 e6 2. d4 Nf6 3. Nf3 b6 4. Nc3 Bb4 5. Bg5 Bb7 6. e3 h6 7. Bh4 g5 8. Bg3 Ne4 9. Qc2 Bxc3+ 10. bxc3 Nxg3 11. fxg3 g4 12. Ne5 Qg5 13. Qf2 f5 14. a4 Nc6 15. Nxc6 Bxc6 16. a5 Be4 17. Kd2 bxa5 18. Bd3 O-O 19. Rxa5 Qg6 20. h3 Rab8 21. Rb5 gxh3 22. Rxh3 a6 23. Rxb8 Rxb8 24. Bxe4 fxe4 25. Qf4 Rb2+ 26. Kc1 Rxg2 27. Qxc7 Rf2 28. Rh4 Qf7 29. Rg4+ Kh7 30. Rf4 Rxf4 31. exf4 Kg6 32. c5 a5 33. Kd2 a4 34. Ke3 a3 35. g4 a2 36. Qa5 e5 37. Qa6+ Kh7 38. f5 exd4+ 39. Kxd4 Qg7+ 40. f6 Qf7 41. c4 Qxf6+ 0-1

[Event "Mauricie op"]
[Site "Trois-Rivieres CAN"]
[Date "2011.03.20"]
[Round "4"]
[White "Kovalyov, Anton"]
[Black "Sambuev, Bator"]
[Result "1-0"]
[WhiteElo "2584"]
[BlackElo "2562"]
[PlyCount "127"]
[GameId "2160767909787395"]
[EventDate "2011.03.18"]
[EventType "swiss"]
[EventRounds "5"]
[EventCountry "CAN"]
[SourceTitle "EXT 2022"]
[Source "ChessBase"]
[SourceDate "2021.10.06"]
[SourceVersion "1"]
[SourceVersionDate "2021.10.06"]
[SourceQuality "1"]

1. c4 e5 2. d3 Nc6 3. a3 g6 4. Nc3 Bg7 5. g3 Nf6 6. Bg2 O-O 7. e4 d6 8. Nge2 Ng4 9. h3 Nh6 10. Be3 Nd4 11. Nxd4 exd4 12. Bxh6 Bxh6 13. Ne2 f5 14. exf5 gxf5 15. f4 Qf6 16. O-O Bd7 17. Bxb7 Rae8 18. Bg2 Re3 19. Rf3 Re7 20. Kh2 Qg6 21. Qd2 Rfe8 22. Rf2 Re3 23. Rg1 Kh8 24. Bf3 c5 25. b4 a6 26. Rgg2 Qf6 27. Bd5 Qe7 28. Ng1 Be6 29. Bc6 Rc8 30. Bf3 Rb8 31. Rf1 Rg8 32. Re1 Bc8 33. Ree2 Re8 34. a4 cxb4 35. Qxb4 Qc7 36. a5 Bg7 37. Qb6 Qc5 38. Bc6 Rf8 39. Rxe3 dxe3 40. Nf3 Qa3 41. Qxe3 Qxa5 42. Qe7 Qb6 43. Bd5 h6 44. d4 Qd8 45. Qxd8 Rxd8 46. Rb2 Bf6 47. Rb8 Kg7 48. Ra8 Re8 49. Kg2 Kf8 50. Kf2 Ke7 51. Bc6 Rf8 52. Ra7+ Kd8 53. d5 Bc3 54. Rh7 Rh8 55. Rf7 Rg8 56. c5 Bb4 57. cxd6 Bxd6 58. Ne5 Bc5+ 59. Kf3 Be7 60. Rh7 a5 61. Nf7+ Kc7 62. Nxh6 Rg6 63. Rxe7+ Kd6 64. Rh7 1-0

[Event "Quebec-ch U20"]
[Site "Montreal CAN"]
[Date "2011.02.11"]
[Round "1"]
[White "Gelet, Seymour"]
[Black "Kovalyov, Anton"]
[Result "0-1"]
[WhiteElo "1885"]
[BlackElo "2586"]
[PlyCount "84"]
[GameId "2160767909812654"]
[EventDate "2011.02.11"]
[EventType "swiss"]
[EventRounds "5"]
[EventCountry "CAN"]
[SourceTitle "EXT 2013"]
[Source "ChessBase"]
[SourceDate "2012.11.22"]
[SourceVersion "1"]
[SourceVersionDate "2012.11.22"]
[SourceQuality "1"]

1. d4 Nf6 2. c4 e6 3. Nf3 b6 4. g3 Ba6 5. Qc2 Bb7 6. Bg2 c5 7. O-O Be4 8. Qb3 Nc6 9. Be3 Bxf3 10. Bxf3 cxd4 11. Bd2 Rc8 12. Na3 Ne5 13. Bb4 Bxb4 14. Qxb4 Qe7 15. Qa4 a5 16. Bg2 O-O 17. Rfd1 Qb4 18. Qxb4 axb4 19. Nb5 Rxc4 20. Nxd4 d5 21. e3 Ra8 22. Bf1 Rc5 23. Rd2 Ne4 24. Re2 Rca5 25. f3 Nd6 26. b3 Nb5 27. Nxb5 Rxb5 28. Rf2 Rc5 29. Rd1 Rc3 30. Re1 Rac8 31. Kg2 Kf8 32. Rd2 Ke7 33. h3 Rc1 34. Ree2 Nxf3 35. Kxf3 Rxf1+ 36. Kg2 Rcc1 37. Rd4 Rg1+ 38. Kf3 Rcf1+ 39. Rf2 e5 40. Rxb4 e4+ 41. Ke2 Ra1 42. Ra4 Rgb1 0-1

[Event "Quebec-ch U20"]
[Site "Montreal CAN"]
[Date "2011.02.12"]
[Round "2"]
[White "Kovalyov, Anton"]
[Black "Luo, Zhao Yang"]
[Result "1-0"]
[WhiteElo "2586"]
[BlackElo "2004"]
[PlyCount "67"]
[GameId "2160767909812667"]
[EventDate "2011.02.11"]
[EventType "swiss"]
[EventRounds "5"]
[EventCountry "CAN"]
[SourceTitle "EXT 2013"]
[Source "ChessBase"]
[SourceDate "2012.11.22"]
[SourceVersion "1"]
[SourceVersionDate "2012.11.22"]
[SourceQuality "1"]

1. c4 Nf6 2. Nf3 g6 3. Nc3 Bg7 4. e4 d6 5. d4 O-O 6. Be2 e5 7. Be3 Ng4 8. Bg5 f6 9. Bh4 Qe8 10. h3 Nh6 11. Nd5 Qf7 12. Qd2 g5 13. Bg3 c6 14. Ne3 Nd7 15. O-O Re8 16. dxe5 dxe5 17. b4 Nf8 18. c5 Be6 19. Qc2 Qg6 20. Nd2 f5 21. exf5 Bxf5 22. Nxf5 Qxf5 23. Bd3 Qd7 24. Ne4 Ne6 25. Nd6 Re7 26. Bxh7+ Kh8 27. Be4 Nd4 28. Qd1 g4 29. Bh4 gxh3 30. Bxe7 Qxe7 31. Qh5 hxg2 32. Kxg2 Rg8 33. Rh1 Ne6 34. Nf7+ 1-0

[Event "Quebec-ch U20"]
[Site "Montreal CAN"]
[Date "2011.02.13"]
[Round "4"]
[White "Kovalyov, Anton"]
[Black "Jiang, Louie"]
[Result "1-0"]
[WhiteElo "2586"]
[BlackElo "2331"]
[PlyCount "71"]
[GameId "2160767909812688"]
[EventDate "2011.02.11"]
[EventType "swiss"]
[EventRounds "5"]
[EventCountry "CAN"]
[SourceTitle "EXT 2013"]
[Source "ChessBase"]
[SourceDate "2012.11.22"]
[SourceVersion "1"]
[SourceVersionDate "2012.11.22"]
[SourceQuality "1"]

1. c4 Nf6 2. Nf3 e6 3. g3 d5 4. Bg2 Be7 5. O-O O-O 6. b3 Nbd7 7. Bb2 b6 8. cxd5 exd5 9. Nd4 Bb7 10. Nf5 Re8 11. Nxe7+ Qxe7 12. Re1 Rad8 13. d3 Ne5 14. Nd2 c5 15. d4 cxd4 16. Bxd4 Rc8 17. Nf3 Nc6 18. Bb2 Ba6 19. Nd4 Nxd4 20. Qxd4 Bxe2 21. Bf1 Rc2 22. Rac1 Qc7 23. Bxe2 Rexe2 24. Rxe2 Rxc1+ 25. Bxc1 Qxc1+ 26. Kg2 h6 27. Re7 Qa3 28. Re2 Qd6 29. Qe5 Qc6 30. f3 a5 31. h4 h5 32. Qd4 b5 33. Qd3 Qd7 34. Rc2 b4 35. Qa6 d4 36. Qc8+ 1-0

[Event "Quebec-ch Elite POM"]
[Site "Montreal CAN"]
[Date "2010.10.08"]
[Round "1"]
[White "Poulin, Mathieu"]
[Black "Kovalyov, Anton"]
[Result "0-1"]
[WhiteElo "2048"]
[BlackElo "2586"]
[PlyCount "30"]
[GameId "2160767909863711"]
[EventDate "2010.10.08"]
[EventType "swiss"]
[EventRounds "7"]
[EventCountry "CAN"]
[SourceTitle "EXT 2013"]
[Source "ChessBase"]
[SourceDate "2012.11.22"]
[SourceVersion "1"]
[SourceVersionDate "2012.11.22"]
[SourceQuality "1"]

1. d4 Nf6 2. c4 e6 3. Nc3 Bb4 4. Qc2 c5 5. dxc5 Bxc5 6. e4 Nc6 7. g3 Ng4 8. Nd1 Nd4 9. Qd3 Ne5 10. Qc3 Bb4 11. Ne3 Bxc3+ 12. bxc3 Qa5 13. Bb2 Ng4 14. Ne2 Nf3+ 15. Kd1 Nxf2+ 0-1

[Event "Quebec-ch Elite POM"]
[Site "Montreal CAN"]
[Date "2010.10.09"]
[Round "2"]
[White "Kovalyov, Anton"]
[Black "Rousseau, Daniel"]
[Result "1-0"]
[WhiteElo "2586"]
[BlackElo "2150"]
[PlyCount "131"]
[GameId "2160767909863726"]
[EventDate "2010.10.08"]
[EventType "swiss"]
[EventRounds "7"]
[EventCountry "CAN"]
[SourceTitle "EXT 2013"]
[Source "ChessBase"]
[SourceDate "2012.11.22"]
[SourceVersion "1"]
[SourceVersionDate "2012.11.22"]
[SourceQuality "1"]

1. c4 Nf6 2. Nf3 g6 3. Nc3 Bg7 4. e4 d6 5. d4 O-O 6. Be2 e5 7. Be3 Ng4 8. Bg5 f6 9. Bh4 g5 10. Bg3 Nh6 11. dxe5 dxe5 12. Qd5+ Nf7 13. O-O-O c6 14. Qc5 Nd7 15. Qa3 Re8 16. h4 Bf8 17. Qb3 Nc5 18. Qc2 Qa5 19. hxg5 fxg5 20. Kb1 Bg7 21. Nd2 a6 22. a3 Ne6 23. Nb3 Qc7 24. c5 Qe7 25. Na4 Nf8 26. Nb6 Rb8 27. Nd4 exd4 28. Bxb8 Be6 29. Bg3 Ng6 30. f3 Rd8 31. Rd2 Nf4 32. Bxf4 gxf4 33. Rhd1 Ng5 34. Bd3 Bf7 35. Rc1 Kf8 36. Qa4 Ne6 37. Qa5 Bg6 38. e5 Bxd3+ 39. Rxd3 Qg5 40. Qd2 Qxe5 41. Qc2 Qf5 42. Ka1 Kf7 43. Qb3 Kg6 44. Na4 Rd7 45. Re1 Ng5 46. Rd2 Bf6 47. Qg8+ Rg7 48. Qe8+ Rf7 49. Qb8 Ne6 50. Qd6 Ng7 51. Rxd4 Kg5 52. g4 fxg3 53. Qxg3+ Kh6 54. Rd6 Nh5 55. Qf2 Kg7 56. Rg1+ Kh8 57. Qd2 Nf4 58. Re1 Ng6 59. Nc3 Ne5 60. f4 Nc4 61. Rd8+ Kg7 62. Rg1+ Kh6 63. Qg2 Qg6 64. Rg8 Qxg2 65. R8xg2 Bh4 66. Ne2 1-0